00240nam a2200097Ia 4500008004100000041001200041100001800053245005800071260000600129650000700135221030s9999 xx 000 0 und d aEnglish aJ. M. Penrose 0aBusiness Communication for Managerscby J. M. Penrose c0 aMb